|
|
|
|
| LEADER |
00000nam0a2200000 4500 |
| 001 |
266825 |
| 005 |
20231101234032.0 |
| 035 |
|
|
|a (RuTPU)RU\TPU\book\289845
|
| 090 |
|
|
|a 266825
|
| 100 |
|
|
|a 20140716d1986 k y0rusy50 ca
|
| 101 |
0 |
|
|a rus
|
| 102 |
|
|
|a RU
|
| 105 |
|
|
|a y z 001zy
|
| 200 |
1 |
|
|a Экономическая политика Советского государства в переходный период от капитализма к социализму
|f Академия наук СССР (АН СССР) ; под ред. М. П. Кима
|
| 210 |
|
|
|a Москва
|c Наука
|d 1986
|
| 215 |
|
|
|a 254 с.
|
| 320 |
|
|
|a Библиогр. в конце ст.
|
| 606 |
1 |
|
|a Экономическая история
|2 stltpush
|3 (RuTPU)RU\TPU\subj\26579
|9 50473
|
| 606 |
1 |
|
|a Рабочий контроль над производством и распеределением
|2 stltpush
|3 (RuTPU)RU\TPU\subj\22275
|
| 610 |
1 |
|
|a Советское государство
|
| 610 |
1 |
|
|a капитализм
|
| 610 |
1 |
|
|a социализм
|
| 610 |
1 |
|
|a переходный период
|
| 610 |
1 |
|
|a регулирование
|
| 686 |
|
|
|a У03(2)71
|v LBC/SL-A
|2 rubbk
|
| 686 |
|
|
|a Ф61(2)43
|v LBC/SL-A
|2 rubbk
|
| 702 |
|
1 |
|a Ким
|b М. П.
|g Максим Павлович
|4 340
|
| 712 |
0 |
2 |
|a Академия наук СССР (АН СССР)
|c (1925-1991)
|2 stltpush
|3 (RuTPU)RU\TPU\col\722
|
| 801 |
|
1 |
|a RU
|b 63413507
|c 20140716
|
| 801 |
|
2 |
|a RU
|b 63413507
|c 20191205
|g RCR
|
| 942 |
|
|
|c BK
|